000 00235nam a22000857a 4500
008 160713b xxu||||| |||| 00| 0 eng d
100 _92730
_a Gorell, L
245 _aPsychology the Study of Man's Mind
260 _aLondon
_b Odhams Press
_c1949
999 _c2371
_d2371